The Bridge of San Luis Rey
Novela histórica, se desarrolla en el año de 1714 en el Perú de los virreyes, gira en torno a un fraile franciscano que decide comenzar una investigación, para conocer las razones de la caída del puente más hermoso construido entre las ciudades de Lima y Cuzco, y que debido a ese hecho murieron 5 pe...
Salvato in:
| Autore principale: | |
|---|---|
| Natura: | Libro |
| Lingua: | Undetermined |
| Pubblicazione: |
New York, Estados Unidos
Pocket Library
1927
|
| Soggetti: | |
| Tags: |
Aggiungi Tag
Nessun Tag, puoi essere il primo ad aggiungerne!!
|
MARC
| LEADER | 00000nam a2200000Ia 4500 | ||
|---|---|---|---|
| 008 | 170316s9999 xx 000 0 und d | ||
| 040 | |a cru BVZT | ||
| 090 | |a 810 W-27b | ||
| 100 | |a Wilder, Thornton |9 572 | ||
| 245 | 4 | |a The Bridge of San Luis Rey |c / Thornton Wilder | |
| 260 | |a New York, Estados Unidos | ||
| 260 | |b Pocket Library | ||
| 260 | |c 1927 | ||
| 300 | |a 117 páginas | ||
| 520 | |a Novela histórica, se desarrolla en el año de 1714 en el Perú de los virreyes, gira en torno a un fraile franciscano que decide comenzar una investigación, para conocer las razones de la caída del puente más hermoso construido entre las ciudades de Lima y Cuzco, y que debido a ese hecho murieron 5 personas inocentes, asimismo, el fraile se verá en situaciones complicadas para descubrir la verdad. La obra escrita en 1927 por Thornton Wilder, trata temas filosóficos, psicológicos y teológicos, en una sociedad aristócrata acostumbrada a tener el conocimiento y el poder de todo lo que sucede en sus alrededores. | ||
| 650 | |a LITERATURA ESTADOUNIDENSE |9 25 | ||
| 650 | |a NOVELA HISTÓRICA |9 214 | ||
| 999 | |c 6270 |d 6270 | ||
| 942 | |c 15 D |h 810 W-27b |2 z | ||
